[Event "SuperChess Cup Rapid 2019"]
[Site "Bucharest"]
[Date "2019.11.06"]
[Round "1.1"]
[White "Parligras, Mircea-Emilian"]
[Black "Istratescu, Andrei"]
[Result "1/2-1/2"]
[WhiteElo "2629"]
[BlackElo "2564"]
[Annotator "TA"]
[PlyCount "37"]
[EventDate "2019.11.06"]
[EventType "tourn"]
[EventCountry "ROU"]
[SourceTitle "playchess.com"]
[Source "ChessBase"]
[SourceQuality "1"]

{[%evp 10,37,19,0,11,0,23,6,13,0,0,0,8,0,0,0,0,0,2,-23,7,0,12,-19,0,-24,-14,-22,-11,-26]} 1. e4 e6 2. d4 d5 3. Nc3 Bb4 4. exd5 exd5 5. Bd3 Nc6 6. Nf3 Nge7 {C01: French: Exchange Variation} 7. O-O Bg4 (7... O-O 8. a3 Bxc3 9. bxc3 Bf5 10. Re1 Re8 11. Rb1 b6 12. c4 Bxd3 13. Qxd3 dxc4 14. Qxc4 Qd5 15. Qxd5 Nxd5 16. Rxe8+ Rxe8 17. Bd2 Nf6 {0-1 (58) Idani,P (2581)-Maghsoodloo,P (2656) Abu Dhabi 2019}) 8. h3 Bh5 9. a3 Bxc3 10. bxc3 Qd7 $146 ({Predecessor:} 10... f6 11. Rb1 b6 12. a4 O-O 13. Ba3 Qc8 14. Bb5 Rd8 {½-½ (27) Ghisi,S (1945)-Alfaro de Hombre,J (2197) ICCF email 2016}) 11. Bf4 f6 12. Rb1 b6 13. Re1 O-O 14. Bh2 (14. Bb5 $5 {[%cal Re1e7]}) 14... Rfe8 15. Re3 Bg6 16. Qd2 Bxd3 17. cxd3 Nf5 18. Rxe8+ Rxe8 19. Re1 {Accuracy: White = 35%, Black = 55%.} 1/2-1/2

[Event "SuperChess Cup Rapid 2019"]
[Site "Bucharest"]
[Date "2019.11.06"]
[Round "1.2"]
[White "Miron, Lucian-Costin"]
[Black "Cosma, Elena-Luminita"]
[Result "1-0"]
[WhiteElo "2490"]
[BlackElo "2313"]
[Annotator "TA"]
[PlyCount "113"]
[EventDate "2019.11.06"]
[EventType "tourn"]
[EventCountry "ROU"]
[SourceTitle "playchess.com"]
[Source "ChessBase"]
[SourceQuality "1"]

{[%evp 17,113,19,34,18,23,27,32,18,45,49,55,45,82,88,81,83,99,74,271,248,253,220,185,72,405,346,325,289,296,281,231,161,145,142,158,161,169,136,137,112,118,110,116,101,165,14,97,99,200,186,196,172,162,149,162,160,153,52,65,76,143,0,0,0,0,0,0,0,0,0,0,0,0,0,0,0,0,0,6,6,6,0,13,0,0,0,12849,12849,12850,12850,12850,27999,27998,27993,27994,27994,27995,27995]} 1. d4 d5 2. c4 e6 3. Nc3 Nf6 4. cxd5 exd5 5. Bg5 Be7 6. e3 c6 7. Bd3 Nbd7 8. Nge2 Nh5 9. Bxe7 Qxe7 10. Qd2 {D35: Queen's Gambit Declined: Exchange Variation} (10. g4 Nhf6 11. Ng3 Nb6 12. g5 Ng8 13. h4 Be6 14. Nh5 g6 15. Ng7+ Kd7 16. Nxe6 Qxe6 17. a4 a5 18. h5 Ne7 19. Qf3 {0-1 (49) Wojtaszek,R (2745)-Onischuk,A (2682) Tbilisi 2017}) 10... Nb6 11. O-O O-O 12. a4 $146 {White is slightly better.} ({Predecessor:} 12. Rae1 g6 13. f3 Rd8 14. e4 dxe4 15. fxe4 Bg4 16. Qe3 Rac8 17. Qf2 Rc7 {1-0 (34) Salem,A (2624)-Deac,B (2573) Abu Dhabi 2017}) 12... Bd7 13. a5 Nc8 14. f3 f5 15. e4 $36 {[%mdl 2048] White is on the roll.} fxe4 16. fxe4 Rxf1+ 17. Rxf1 dxe4 $2 (17... Nd6 $16) 18. Nxe4 $18 ({Not} 18. Bxe4 Nd6 $11) 18... Be6 19. Qg5 g6 20. N2g3 (20. Qe5 $18 {is more deadly.} Ba2 21. N2c3 Qxe5 22. dxe5) 20... Nxg3 $4 {[%mdl 8192]} (20... Qxg5 $16 {is a better chance.} 21. Nxg5 Nxg3 22. hxg3 Bd5) 21. Nf6+ ({Less strong is} 21. hxg3 Qxg5 22. Nxg5 Bd5 $14) 21... Kh8 22. hxg3 Bg8 23. Bxg6 Nd6 24. Nxh7 Qxg5 25. Nxg5 Kg7 {[#]} 26. Bd3 $1 Re8 27. Kf2 Bc4 28. Bxc4 Nxc4 $16 {[%mdl 4096] Endgame KRN-KRN} 29. b4 Ne3 30. Rc1 Nd5 {[#]} (30... a6 $16) 31. a6 $2 (31. b5 $1 $18) 31... bxa6 (31... Nxb4 $11 32. Rb1 Nd3+ 33. Kf3 bxa6) 32. Rxc6 Re7 (32... Nxb4 $16 33. Rc7+ Kf6) 33. Rxa6 Nxb4 34. Ra4 Nd3+ 35. Kf3 Ne1+ 36. Kg4 Nxg2 37. Ra3 ({White should play} 37. Ra5 $16) 37... Ne3+ $14 38. Kf3 Nf5 (38... Nc2 $142 39. Ra4 Rd7) 39. Ra4 (39. d5 $16) 39... Kg6 $11 40. Ne4 {Kf4 is the strong threat.} Rd7 $1 41. Nc5 Rxd4 42. Ra6+ Rd6 43. Rxa7 Nd4+ 44. Kg4 Nc6 45. Ra3 (45. Ra6 {is interesting.} Ne5+ 46. Kf4 Rxa6) 45... Rd4+ 46. Kh3 Rc4 47. Ne6 Ne5 48. Nf4+ Kf5 49. Ra5 {aiming for Nd3.} Ke4 50. Ra8 Rc1 51. Re8 Rc7 $2 {[%mdl 8192]} (51... Kf3 $11 52. Kh4 Rh1+ 53. Kg5 Nf7+ 54. Kf6 Kxg3) 52. Ng6 $18 Rh7+ 53. Kg2 Rh5 54. Rxe5+ {[%mdl 64] Overworked Piece} Rxe5 {White mates.} 55. Nxe5 Kxe5 56. Kh3 Kf5 57. Kh4 {Accuracy: White = 44%, Black = 47%.} 1-0

[Event "SuperChess Cup Rapid 2019"]
[Site "Bucharest"]
[Date "2019.11.06"]
[Round "1.3"]
[White "Georgescu, Tiberiu-Marian"]
[Black "Peptan, Corina-Isabela"]
[Result "1-0"]
[WhiteElo "2508"]
[BlackElo "2371"]
[Annotator "TA"]
[PlyCount "65"]
[EventDate "2019.11.06"]
[EventType "tourn"]
[EventCountry "ROU"]
[SourceTitle "playchess.com"]
[Source "ChessBase"]
[SourceQuality "1"]

{[%evp 15,65,28,39,29,38,9,25,27,27,20,32,33,35,24,48,32,48,49,45,0,94,89,92,96,97,93,100,80,96,58,56,59,645,645,627,619,672,670,905,911,927,926,830,806,918,917,1373,1319,5585,5585,29983,29983]} 1. d4 Nf6 2. c4 e6 3. Nc3 Bb4 4. Qc2 c5 5. dxc5 O-O 6. a3 Bxc5 7. Nf3 Nc6 8. Bg5 Be7 9. e4 {E39: Nimzo-Indian: Classical: 4...c5 5 dxc5 0-0} (9. e3 d5 10. O-O-O Bd7 11. Bd3 dxc4 12. Bxc4 Rc8 13. Kb1 Na5 14. Ba2 Qc7 15. h4 Rfd8 16. Bxf6 Bxf6 17. Ng5 Bxc3 {0-1 (29) Cruz,C (2559)-Cori Tello,J (2660) Lima 2018}) 9... h6 10. Bh4 Nh5 11. Bxe7 {White has an edge.} Qxe7 12. Be2 $146 ({Predecessor:} 12. Rd1 d6 13. Qd2 Ne5 14. Be2 Nxf3+ 15. Bxf3 Qh4 16. g3 {1-0 (29) Handler,L (2369)-Singer,R (2262) Austria 2013}) 12... Nf4 13. O-O d6 14. Rfe1 Nxe2+ 15. Rxe2 b6 16. Rd1 Ba6 17. Red2 Rfd8 {[#]} (17... Bxc4 $11 {keeps the balance.} 18. Rxd6 Rac8) 18. Qa4 $1 $16 {[%cal Ra4a6]} Bb7 19. Nb5 {[%cal Rb5d6]} Ne5 20. Nxe5 ({Much worse is} 20. Rxd6 $6 Rxd6 21. Nxd6 Bc6 $11) 20... dxe5 21. Nd6 Qc7 22. Qb5 f6 23. c5 Rd7 $2 {[%mdl 8192] [#]} (23... Bc6 $14 24. Qc4 bxc5) 24. Nxb7 $18 Rxd2 25. Rxd2 Qxb7 {[%mdl 4096] Endgame KQR-KQR} 26. c6 Qf7 27. Rd7 Qe8 28. c7 Kh7 29. g3 Rc8 30. Qc6 Qg8 31. Qd6 Qe8 32. Rd8 Qa4 33. Rxc8 {Accuracy: White = 81%, Black = 33%.} 1-0

[Event "SuperChess Cup Rapid 2019"]
[Site "Bucharest"]
[Date "2019.11.06"]
[Round "1.4"]
[White "Lupulescu, Constantin"]
[Black "Deac, Bogdan-Daniel"]
[Result "1-0"]
[WhiteElo "2643"]
[BlackElo "2613"]
[Annotator "TA"]
[PlyCount "73"]
[EventDate "2019.11.06"]
[EventType "tourn"]
[EventCountry "ROU"]
[SourceTitle "playchess.com"]
[Source "ChessBase"]
[SourceQuality "1"]

{[%evp 18,73,4,10,7,18,1,6,0,0,0,-5,-6,0,111,106,164,93,537,249,261,264,248,275,425,321,579,268,268,237,240,204,204,204,204,204,204,196,195,195,294,283,295,286,298,288,375,368,453,233,260,0,443,439,1375,496,1139,1128]} 1. d4 Nf6 2. c4 e6 3. Nf3 d5 4. Bg5 dxc4 5. e4 Bb4+ 6. Nc3 c5 7. Bxc4 cxd4 8. Nxd4 Bxc3+ 9. bxc3 Qa5 10. Bxf6 Qxc3+ {[%mdl 64] Double Attack. D39: Queen's Gambit Declined: Ragozin Defence with 5 Bg5 dxc4} 11. Kf1 gxf6 12. Rc1 (12. Bb5+ Nd7 13. Nf5 exf5 14. Rc1 Qe5 15. Rxc8+ Rxc8 16. Qxd7+ Kf8 17. Qxc8+ Kg7 18. Qxf5 Qa1+ 19. Ke2 Qxh1 20. Qg4+ Kf8 21. Qc8+ Kg7 22. Qg4+ Kf8 23. Qc8+ Kg7 24. Qg4+ {½-½ (24) Iturrizaga Bonelli,E (2639)-Matlakov,M (2692) Dubai 2019}) 12... Qa5 {The position is equal.} 13. Qg4 Qd2 14. Rd1 $146 ({Predecessor:} 14. Nb3 Qg5 15. Qe2 Nc6 16. h4 Qh6 17. Rd1 O-O 18. g3 {½-½ (30) Tanriverdi,E (2276)-Punin,A (2339) Lvov 2018}) 14... Qg5 15. Qe2 Qa5 {[#]} (15... Bd7 $11 {keeps the balance.}) 16. h4 $1 $16 Nd7 {[#]} (16... h5 $16) 17. Rh3 (17. Nb5 $1 $18) 17... Nb6 $2 {[%mdl 8192]} (17... a6 $16 {is a better chance.}) 18. Bb5+ (18. Nb5 $142) 18... Bd7 $18 19. Bxd7+ Nxd7 20. Nb5 Nc5 (20... Ne5 {keeps fighting.} 21. f4 Ng6) 21. Rc3 b6 $2 (21... Nxe4 {might work better.} 22. Nc7+ {[%mdl 64] Double Attack} Ke7 23. Qxe4 Rad8) 22. Qc4 ({And not} 22. Nc7+ Ke7 $15) (22. Qb2 $142) 22... Qa4 23. Qxa4 Nxa4 24. Ra3 {Threatens to win with Nc7+.} Nc5 25. Nc7+ {[%mdl 64] Double Attack} Ke7 26. Nxa8 Rxa8 {[%mdl 4096] Endgame KRR-KRN} 27. Rb1 Nd7 28. Ke2 a5 (28... Ke8 $142 29. Kf3 Ne5+ 30. Kf4 Nd7) 29. Rc3 Ra7 30. Rc6 a4 31. Rbc1 Ra5 32. Rc7 Kd8 33. Rc8+ (33. Rb7 $142 {aiming for Rd1!} Rc5 34. Rxc5 bxc5 35. Ra7) 33... Ke7 34. R8c7 $2 (34. R1c4) 34... Kd8 $1 35. Rb7 {Black must now prevent Rd1!White is clearly winning.} Ke8 (35... Rc5 $142) 36. Rc8+ Ke7 37. Rcc7 {Accuracy: White = 71%, Black = 42%.} 1-0

[Event "SuperChess Cup Rapid 2019"]
[Site "Bucharest"]
[Date "2019.11.06"]
[Round "1.5"]
[White "David, Alexandru-Vasile"]
[Black "Gavrilescu, David"]
[Result "1-0"]
[WhiteElo "2424"]
[BlackElo "2451"]
[Annotator "TA"]
[PlyCount "109"]
[EventDate "2019.11.06"]
[EventType "tourn"]
[EventCountry "ROU"]
[SourceTitle "playchess.com"]
[Source "ChessBase"]
[SourceQuality "1"]

{[%evp 12,109,18,12,15,19,12,5,11,19,11,16,18,18,16,7,10,6,18,14,7,10,15,12,18,0,29,14,28,-16,20,6,23,0,43,43,39,35,41,22,39,39,39,46,131,118,143,137,131,144,141,137,141,122,120,77,107,16,139,161,141,146,495,477,543,542,601,536,594,587,558,219,553,545,880,597,581,553,29968,29970,29991,29982,12831,11626,12358,5535,5238,5595,4054,4132,29976,29977,29977,29978,29978,29979,29979,29980,29973,29973]} 1. d4 Nf6 2. c4 e6 3. Nf3 d5 4. Nc3 Bb4 5. cxd5 exd5 6. Bg5 h6 7. Bh4 O-O {D38: Queen's Gambit Declined: Ragozin Defence (4 Nf3 Bb4)} 8. e3 Bf5 9. Be2 Nbd7 {The position is equal.} 10. Qb3 Bxc3+ $146 (10... Ba5 11. O-O c6 12. Ne5 Qb6 13. Nxd7 Nxd7 14. Rfc1 Qxb3 15. axb3 {½-½ (26) Giri,A (2797)-Navara,D (2739) Shamkir 2019}) 11. Qxc3 c6 12. Nd2 Ne4 13. Bxd8 Nxc3 14. bxc3 {Strongly threatening Bh4.} Rfxd8 15. a4 Rac8 16. Nf1 c5 17. Ng3 Bg6 18. Kd2 cxd4 19. exd4 Nf6 20. Bf3 Rc7 21. a5 Kf8 22. h4 Ne8 23. h5 Bh7 24. Nf1 Rdc8 25. Rc1 Nd6 26. Ne3 Be4 27. Be2 Nf5 (27... Re7 $14) 28. f3 $1 $16 {[%cal Rf3e4]} Nxe3 29. fxe4 Nc4+ 30. Bxc4 $1 Rxc4 31. exd5 {[%mdl 4096] Endgame KRR-KRR} Ke7 {[#]} 32. Rh3 $1 Ra4 33. Rg3 Rxa5 34. c4 (34. Rxg7 $16 Kf8 35. Rh7) 34... Ra2+ {[#]} (34... Ra4 $11) 35. Kd3 $1 Rd8 36. Rxg7 {Threatens to win with Rf1.} b5 $2 {[%mdl 8192]} (36... Kf8 $16 {is more resistant.} 37. Rg4 Ra3+ 38. Rc3 Ra2) 37. c5 $18 Rxd5 38. Rf1 Ra4 39. Rgxf7+ Ke8 40. Rf8+ Ke7 41. R1f7+ Ke6 42. Rf4 ({Weaker is} 42. Rf6+ Ke7 $18) 42... Rxh5 43. R4f6+ Ke7 44. c6 {[%cal Bc5c6,Bc6c7][%mdl 32]} Rc4 45. R8f7+ Kd8 46. Rd7+ Ke8 47. Re6+ Kf8 48. c7 Rh1 49. Re5 Rd1+ {[#]} 50. Ke2 $1 {[%mdl 512]} Rdc1 {[#]} 51. Rc5 $1 {[%cal Rc7c8][%mdl 512] White mates.} R1c2+ (51... Rxc5 52. dxc5) 52. Kd3 {[%cal Rc7c8]} R2c3+ 53. Ke4 {[%cal Rc7c8]} Rxc5 54. dxc5 Rxc5 55. Rd8+ {Accuracy: White = 79%, Black = 38%.} 1-0

[Event "SuperChess Cup Rapid 2019"]
[Site "Bucharest"]
[Date "2019.11.06"]
[Round "2.1"]
[White "Istratescu, Andrei"]
[Black "Gavrilescu, David"]
[Result "1-0"]
[WhiteElo "2564"]
[BlackElo "2451"]
[Annotator "TA"]
[PlyCount "115"]
[EventDate "2019.11.06"]
[EventType "tourn"]
[EventCountry "ROU"]
[SourceTitle "playchess.com"]
[Source "ChessBase"]
[SourceQuality "1"]

{[%evp 14,115,25,16,1,9,20,19,22,10,20,0,14,20,17,14,16,13,16,21,18,10,20,0,25,12,22,14,20,-4,-11,-4,-4,-9,-15,-33,-37,-26,-20,-14,-20,-60,-46,-56,-70,-57,-47,-81,-81,-69,-68,-54,0,0,0,0,0,0,0,0,0,0,0,0,0,0,0,0,0,0,0,0,0,0,61,60,253,159,475,473,429,385,325,263,710,641,1737,1698,1758,1751,1729,1722,1704,1196,1156,1156,1629,1419,1216,1150,1135,1127,899,853]} 1. e4 e6 2. d4 d5 3. Nc3 Nf6 4. Bg5 dxe4 5. Nxe4 Nbd7 6. Nf3 h6 7. Nxf6+ Nxf6 8. Be3 Bd6 {C10: French with 3 Nc3: Unusual Black 3rd moves and 3...dxe4} 9. Bd3 b6 ({Predecessor:} 9... O-O 10. Qe2 b6 11. O-O-O Nd5 12. Bd2 Nf4 13. Bxf4 Bxf4+ 14. Kb1 {½-½ (48) Toropov,P (2327)-Ionov,S (2530) Sochi 2019}) 10. Qe2 Bb7 {The position is equal.} 11. O-O-O O-O $146 (11... Nd5 12. c4 Nxe3 13. fxe3 Qe7 14. e4 e5 15. c5 bxc5 16. dxe5 Bxe5 {1-0 (66) Aronian,L (2764)-Kramnik,V (2792) Paris 2018}) 12. Kb1 Nd5 13. Bd2 Nf4 14. Bxf4 $1 Bxf4 15. Be4 Bxe4 16. Qxe4 Qf6 17. Rd3 Rad8 18. Rhd1 Rfe8 19. a3 Qf5 20. Qxf5 exf5 21. b4 Re2 $36 {[%mdl 2048] Black is more active.} 22. g3 Bg5 23. h4 Bf6 24. R1d2 Re4 25. c3 g5 26. hxg5 hxg5 27. Re3 g4 28. Rxe4 fxe4 $15 {[%mdl 4096] Endgame KRB-KRN} 29. Nh2 Bg5 30. Rd1 f5 31. Kc2 Kf7 32. Nf1 b5 (32... Kg6 $15) 33. a4 $1 $11 a6 34. axb5 axb5 35. Ra1 $1 c6 36. Ra7+ Ke6 37. Rc7 Kd6 38. Rh7 Ra8 {...Ra2+ is the strong threat.} 39. Kb2 {[#]} Bc1+ $1 {[%mdl 576] Decoy} 40. Kxc1 {KRN-KR} Ra1+ 41. Kd2 Rxf1 {KR-KR} 42. Ke3 Kd5 43. Rh5 Ke6 ({Black should play} 43... Kc4 $11) 44. Rh6+ $14 Kd5 $2 (44... Ke7 $1 $14) 45. Rf6 $18 Re1+ $2 {[#]} (45... f4+ $16 {is a better chance.} 46. Rxf4 (46. gxf4 Re1+ 47. Kd2 Rh1 $14) 46... Kc4) 46. Kd2 $1 {[%cal Rd2e1]} Rf1 47. Rxf5+ Ke6 48. Re5+ Kf6 $2 (48... Kd6 49. Ke2 (49. Rxe4 Rxf2+ 50. Kd3 Rf3+ 51. Re3 Rf2 $11) 49... Rc1) 49. Ke2 {White is clearly winning.} Rc1 50. Rc5 Ke6 51. Rxc6+ Kf5 52. Rc5+ Ke6 53. Ke3 Re1+ 54. Kf4 Re2 55. Re5+ Kf6 56. Rf5+ Kg6 57. Kxg4 Rc2 58. Rxb5 {Accuracy: White = 73%, Black = 35%.} 1-0

[Event "SuperChess Cup Rapid 2019"]
[Site "Bucharest"]
[Date "2019.11.06"]
[Round "2.2"]
[White "Deac, Bogdan-Daniel"]
[Black "David, Alexandru-Vasile"]
[Result "1/2-1/2"]
[WhiteElo "2613"]
[BlackElo "2424"]
[Annotator "RC"]
[PlyCount "68"]
[EventDate "2019.11.06"]
[EventType "tourn"]
[EventCountry "ROU"]
[SourceTitle "playchess.com"]
[Source "ChessBase"]
[SourceQuality "1"]
[TimeMode "Bronstein"]
[TimeControl "1500+10"]

1. Nf3 {[%emt 0:00:00]} Nf6 {[%emt 0:00:27]} 2. c4 {[%emt 0:00:00]} b6 {[%emt 0:00:12]} 3. d4 {[%emt 0:00:00]} e6 {[%emt 0:00:10]} 4. g3 {[%emt 0:00:00]} Bb7 {[%emt 0:00:10]} 5. Bg2 {[%emt 0:00:00]} Be7 {[%emt 0:00:10]} 6. O-O {[%emt 0:00:00]} O-O {[%emt 0:00:10]} 7. Nc3 {[%emt 0:00:00]} Ne4 {[%emt 0:00:10]} 8. Bd2 {[%emt 0:00:00]} d6 {[%emt 0:00:10]} 9. Ne1 {[%emt 0:01:17]} Nxc3 {[%emt 0:01:42]} 10. Bxc3 {[%emt 0:00:10]} Bxg2 {[%emt 0:00:10]} 11. Nxg2 {[%emt 0:00:10]} c6 {[%emt 0:00:10]} 12. d5 {[%emt 0:00:27]} Nd7 {[%emt 0:03:14]} 13. dxc6 {[%emt 0:02:56]} Nb8 {[%emt 0:00:10]} 14. Qd4 {[%emt 0:00:36]} Bf6 {[%emt 0:00:11]} 15. Qd3 {[%emt 0:00:14]} Bxc3 {[%emt 0:00:27]} 16. Qxc3 {[%emt 0:00:10]} Nxc6 {[%emt 0:00:57]} 17. Rfd1 {[%emt 0:00:10]} Qc7 {[%emt 0:00:17]} 18. b3 {[%emt 0:00:12]} Ne5 {[%emt 0:01:09]} 19. f4 {[%emt 0:00:28]} Ng4 {[%emt 0:00:22]} 20. Qd4 {[%emt 0:00:56]} Rfd8 {[%emt 0:00:35]} 21. Rd3 {[%emt 0:00:21]} d5 {[%emt 0:02:12]} 22. Rad1 {[%emt 0:00:32]} e5 {[%emt 0:00:10]} 23. fxe5 {[%emt 0:00:31]} Nxe5 {[%emt 0:00:11]} 24. R3d2 {[%emt 0:00:31]} Nc6 {[%emt 0:00:35]} 25. Qc3 {[%emt 0:00:10]} dxc4 {[%emt 0:01:04]} 26. Qxc4 {[%emt 0:00:10]} Rxd2 {[%emt 0:00:10]} 27. Rxd2 {[%emt 0:00:10]} Rc8 {[%emt 0:00:21]} 28. Nf4 {[%emt 0:00:10]} h6 {[%emt 0:00:10]} 29. Kg2 {[%emt 0:00:20]} Ne5 {[%emt 0:00:40]} 30. Qe4 {[%emt 0:00:11]} Qe7 {[%emt 0:01:14]} 31. Nd5 {[%emt 0:00:31]} Qe6 {[%emt 0:00:20]} 32. Nf4 {[%emt 0:00:10]} Qe7 {[%emt 0:00:10]} 33. Nd5 {[%emt 0:00:28]} Qe6 {[%emt 0:00:10]} 34. Nf4 {[%emt 0:00:10]} Qe7 1/2-1/2

[Event "SuperChess Cup Rapid 2019"]
[Site "Bucharest"]
[Date "2019.11.06"]
[Round "2.3"]
[White "Peptan, Corina-Isabela"]
[Black "Lupulescu, Constantin"]
[Result "0-1"]
[WhiteElo "2371"]
[BlackElo "2643"]
[Annotator "TA"]
[PlyCount "56"]
[EventDate "2019.11.06"]
[EventType "tourn"]
[EventCountry "ROU"]
[SourceTitle "playchess.com"]
[Source "ChessBase"]
[SourceQuality "1"]

{[%evp 9,56,13,28,0,-20,-35,-35,-42,-39,-39,-49,-37,-41,-66,-50,-83,-88,-94,-92,-92,-90,-137,-137,-136,-143,-150,-143,-152,-166,-157,-160,-192,-183,-200,-172,-205,-200,-249,-248,-254,-244,-310,-274,-255,-257,-578,-264,-532,-523]} 1. d4 Nf6 2. c4 e6 3. Nf3 d5 4. Nc3 Nbd7 5. Bf4 dxc4 6. e4 {D37: Queen's Gambit Declined: 5 Bf4} (6. e3 b5 7. Nxb5 Bb4+ 8. Nc3 Nd5 9. Rc1 N7b6 10. Bg3 c5 11. Be2 O-O 12. O-O Bb7 13. Nxd5 Qxd5 {0-1 (42) Ding,L (2805)-Aronian,L (2765) Saint Louis 2019}) 6... Bb4 7. Bxc4 Nxe4 8. O-O {Black is slightly better.} Nxc3 9. bxc3 Bd6 10. Bg5 Be7 11. Qd2 O-O 12. Bd3 $146 ({Predecessor:} 12. Rfe1 b6 13. Bxe7 Qxe7 {0-1 (35) Reichmann,E (2289)-Baumegger,S (2454) Austria 2018}) 12... Bxg5 13. Nxg5 h6 14. Nf3 b6 15. Rfe1 Bb7 16. Re3 c5 17. Bc2 cxd4 18. cxd4 Rc8 19. Rae1 Qc7 20. Bb1 Rfd8 21. Qd3 {Hoping for Qh7+.} Nf8 22. Ne5 Qd6 $1 23. Qe2 Qxd4 24. Rg3 Qf4 25. Rg4 Qd2 26. Qxd2 Rxd2 27. Ra4 $2 {[#]} (27. Rc4 {is more resistant.}) 27... Rc5 (27... Re2 $142 $1 {[%cal Re2e1][%mdl 512]} 28. Rd1 (28. Rxe2 Rc1+) 28... Rxe5 29. Rxa7 {[#]} Rd8 $1 {[%mdl 512]}) 28. f4 $2 (28. Nc4 {was necessary.} Rd7 29. Ne3) 28... Rxg2+ {Accuracy: White = 13%, Black = 84%.} 0-1

[Event "SuperChess Cup Rapid 2019"]
[Site "Bucharest"]
[Date "2019.11.06"]
[Round "2.4"]
[White "Cosma, Elena-Luminita"]
[Black "Georgescu, Tiberiu-Marian"]
[Result "0-1"]
[WhiteElo "2313"]
[BlackElo "2508"]
[Annotator "TA"]
[PlyCount "68"]
[EventDate "2019.11.06"]
[EventType "tourn"]
[EventCountry "ROU"]
[SourceTitle "playchess.com"]
[Source "ChessBase"]
[SourceQuality "1"]

{[%evp 9,68,14,31,-21,-8,-23,-19,-21,-28,-52,-16,-75,-58,-114,-95,-122,-114,-134,-100,-108,-100,-110,-82,-92,-79,-133,-118,-126,-121,-137,-141,-160,-158,-264,-259,-518,-514,-591,-537,-591,-591,-583,-583,-583,-583,-580,-581,-656,-656,-648,-643,-626,-620,-620,-612,-613,-562,-562,-562,-554,-546]} 1. d4 d5 2. Nf3 Nf6 3. g3 c5 4. Bg2 cxd4 5. O-O h6 6. a4 $146 {D02: 1 d4 d5 2 Nf3 sidelines, including 2...Nf6 3 g3 and 2...Nf6 3 Bf4} (6. Bf4 $14) ({Predecessor:} 6. Nxd4 e5 7. Nb3 Be6 8. c4 Nc6 9. cxd5 Bxd5 10. Nc3 Bxg2 11. Kxg2 Be7 12. Be3 O-O 13. Rc1 Rc8 14. Qxd8 Rfxd8 15. Rfd1 Rxd1 16. Rxd1 {1-0 (40) Socko,B (2627)-Tomczak,J (2631) Warsaw 2019}) 6... Nc6 $11 {next ...e5 is good for Black.} 7. Nxd4 e5 8. Nxc6 {The position is equal.} bxc6 9. c4 Be7 10. a5 (10. b3 $11 {keeps the balance.}) 10... O-O $36 {[%mdl 2048] Black has the initiative.} 11. Qa4 (11. Nc3 $15) 11... Bd7 12. Rd1 Rb8 13. Qc2 {[%cal Rc4d5]} d4 14. Nd2 c5 15. Ne4 Nxe4 16. Bxe4 Be6 17. Bh7+ Kh8 {Hoping for ...g6.} 18. Bf5 Qd7 19. Bxe6 Qxe6 ({Much less strong is} 19... fxe6 20. f3 $15) 20. Bd2 e4 21. Be1 (21. Rab1 $17 {is a better defense.}) 21... f5 $19 22. Ra3 $2 (22. Bd2 {was forced.}) 22... f4 {Black is clearly winning.} 23. gxf4 Rxf4 {[#] Threatens to win with ...d3!} 24. Rg3 Bh4 25. b4 Bxg3 26. hxg3 Rf5 27. bxc5 Rh5 28. f4 e3 {( -> ...Qc6)} 29. Rxd4 Qh3 {[%csl Gh5][%cal Rh3h1]} 30. Qe4 Qh2+ {[%mdl 64] [#] Double Attack} 31. Kf1 {intending c6.} Qh1+ 32. Qxh1 Rxh1+ 33. Kg2 Rxe1 34. Kf3 Ra1 {Accuracy: White = 32%, Black = 80%.} 0-1

[Event "SuperChess Cup Rapid 2019"]
[Site "Bucharest"]
[Date "2019.11.06"]
[Round "2.5"]
[White "Parligras, Mircea-Emilian"]
[Black "Miron, Lucian-Costin"]
[Result "1-0"]
[WhiteElo "2629"]
[BlackElo "2490"]
[Annotator "RC"]
[PlyCount "75"]
[EventDate "2019.11.06"]
[EventType "tourn"]
[EventCountry "ROU"]
[SourceTitle "playchess.com"]
[Source "ChessBase"]
[SourceQuality "1"]
[TimeMode "Bronstein"]
[TimeControl "1500+10"]

1. d4 {[%emt 0:00:00]} Nf6 {[%emt 0:00:00]} 2. c4 {[%emt 0:00:00]} e6 {[%emt 0:00:00]} 3. Nf3 {[%emt 0:00:00]} c5 {[%emt 0:00:00]} 4. d5 {[%emt 0:00:00]} exd5 {[%emt 0:00:00]} 5. cxd5 {[%emt 0:00:00]} d6 {[%emt 0:00:00]} 6. Nc3 {[%emt 0:00:00]} g6 {[%emt 0:00:00]} 7. Nd2 {[%emt 0:00:02]} Bg7 {[%emt 0:00:00]} 8. e4 {[%emt 0:00:02]} O-O {[%emt 0:00:00]} 9. Be2 {[%emt 0:00:02]} Ne8 {[%emt 0:00:00]} 10. O-O {[%emt 0:00:03]} f5 {[%emt 0:00:00]} 11. exf5 {[%emt 0:00:09]} Bxf5 {[%emt 0:00:05]} 12. Nde4 {[%emt 0:01:03]} Na6 {[%emt 0:02:16]} 13. Bg5 {[%emt 0:00:35]} Qa5 {[%emt 0:04:10]} 14. Ng3 {[%emt 0:01:46]} Bd7 {[%emt 0:01:03]} 15. h4 {[%emt 0:00:39]} Nf6 {[%emt 0:01:55]} 16. h5 {[%emt 0:01:54]} gxh5 {[%emt 0:00:10]} 17. Nxh5 {[%emt 0:01:07]} Nxh5 {[%emt 0:00:36]} 18. Bxh5 {[%emt 0:00:10]} Bf5 {[%emt 0:03:15]} 19. Be7 {[%emt 0:00:50]} Nb4 {[%emt 0:03:00]} 20. Bxd6 {[%emt 0:00:58]} Nd3 {[%emt 0:00:10]} 21. Bxf8 {[%emt 0:01:17]} Rxf8 {[%emt 0:00:10]} 22. d6 {[%emt 0:01:08]} c4 {[%emt 0:02:26]} 23. Bf3 {[%emt 0:02:31]} Qc5 {[%emt 0:01:17]} 24. Qd2 {[%emt 0:02:13]} b5 {[%emt 0:00:48]} 25. a3 {[%emt 0:01:50]} a6 {[%emt 0:00:59]} 26. Rae1 {[%emt 0:01:37]} Qxd6 {[%emt 0:00:30]} 27. Be4 {[%emt 0:00:32]} Bh6 {[%emt 0:01:41]} 28. Qd1 {[%emt 0:00:49]} Kh8 {[%emt 0:01:04]} 29. Bxf5 {[%emt 0:00:10]} Rxf5 {[%emt 0:00:10]} 30. Re8+ {[%emt 0:00:27]} Rf8 {[%emt 0:00:40]} 31. Rfe1 {[%emt 0:00:55]} Bg7 {[%emt 0:00:10]} 32. R1e6 {[%emt 0:01:01]} Qf4 {[%emt 0:00:25]} 33. Qe2 {[%emt 0:00:45]} Qc1+ {[%emt 0:00:49]} 34. Nd1 {[%emt 0:00:10]} Nf4 {[%emt 0:00:17]} 35. Rxf8+ {[%emt 0:00:34]} Bxf8 {[%emt 0:00:10]} 36. Qe5+ {[%emt 0:00:10]} Kg8 {[%emt 0:00:10]} 37. Qg5+ {[%emt 0:00:10]} Ng6 {[%emt 0:00:26]} 38. Qxc1 1-0